000 00453nam a2200145 i 4500
001 bg
100 1 _aBOJANOWSKA, Renata
245 0 _aBadanie procesu niszczenia płyt fibrobetonowych pod obciążeniem statycznym symulującym działanie koła pojazdu na pomost /
_cRenata Bojanowska.
260 _aWarszawa,
_c1982.
040 _cBPK
041 _apol
080 _a691:6124.01/.07:620.17
942 _cKS
008 s pl f |000 0 pol
999 _c22177
_d22177
856 _uhttp://koha.tu.koszalin.pl/cgi-bin/koha/opac-detail.pl?biblionumber=22177
_yKatalog online BPK